000 00882nam a2200325 a 4500
003 AR-BaBNM
005 20251128210111.0
008 082120s2002 ||||||||||||||000 | spa||
020 _a950-808-164-3
040 _cAR-BaBNM
100 1 _aFerrero, Adrián Nicolás
245 0 0 _aLa construcción del conocimiento geográfico
260 _aRosario
_bHomo Sapiens Ediciones
_c1998
300 _a166 p.
490 0 _aEducación
504 _aContiene bibliografía p. 165-166
650 4 _aENSEÑANZA DE LA GEOGRAFIA
650 4 _aENSEÑANZA DE LAS CIENCIAS SOCIALES
650 4 _aPROCESO DE APRENDIZAJE
650 4 _aGEOGRAFIA
650 4 _aESPACIO GEOGRAFICO
650 4 _aPOLITICA
650 4 _aHISTORIA
650 4 _aTURISMO
650 4 _aECONOMIA
653 _aTERCER CICLO DE LA EGB
653 _aEDUCACION POLIMODAL
942 _cBK
998 _cRaquel
999 _c14042
_d14042